Social Development In Pakistan (Record no. 208)

MARC details
000 -LEADER
fixed length control field 00406nam a2200145Ia 4500
008 - FIXED-LENGTH DATA ELEMENTS--GENERAL INFORMATION
fixed length control field 230312s9999||||xx |||||||||||||| ||und||
020 ## - INTERNATIONAL STANDARD BOOK NUMBER
International Standard Book Number 0-19-579859-7
082 ## - DEWEY DECIMAL CLASSIFICATION NUMBER
Classification number 954.91
Item number SOC
245 #0 - TITLE STATEMENT
Title Social Development In Pakistan
260 ## - PUBLICATION, DISTRIBUTION, ETC.
Name of publisher, distributor, etc. OXFORD PRESS
Place of publication, distribution, etc. New York
Date of publication, distribution, etc. 2002
300 ## - PHYSICAL DESCRIPTION
Extent 247
546 ## - LANGUAGE NOTE
Language note Eng.
650 ## - SUBJECT ADDED ENTRY--TOPICAL TERM
Topical term or geographic name entry element Literature
Form subdivision Foreword , Team , Viewes of a leading social sector personality
942 ## - ADDED ENTRY ELEMENTS (KOHA)
Koha item type BOOK
Holdings
Withdrawn status Lost status Source of classification or shelving scheme Damaged status Not for loan Home library Current library Date acquired Total Checkouts Full call number Barcode Date last seen Price effective from Koha item type
    Dewey Decimal Classification     Superior Information Resource Center (SIRC) Superior University - City Campus Superior Information Resource Center (SIRC) Superior University - City Campus 03/13/2023   954.91 SOC 209 03/13/2023 03/13/2023 BOOK

Powered by Koha